000 00579nam a2200241 a 4500
001 nice12345678
003 IN_TiNIC
005 20260116011634.0
008 050524s1924 cama grp 000 0 eng
020 _a
_c100
082 0 0 _a232.9
_bMCN
100 _aMc Neile, A H
245 _aConcerning Christ
260 _aCambridge
_bCambridge University Press
_c1924
300 _a155p
500 _aincludes index and biblioraphy
505 2 _aIndex
650 _aJesus Christ-Biography
700 1 _aMc Neile, A H
902 _bSRS
942 _cBK
999 _c3047
_d3047